What effect does flooding have on residential property values? (Record no. 104269)

MARC details
000 -LEADER
fixed length control field 01796cam a2200205 4500
001 - CONTROL NUMBER
control field L129712
008 - FIXED-LENGTH DATA ELEMENTS--GENERAL INFORMATION
fixed length control field 050513n2004 000 0 eng u
035 ## - SYSTEM CONTROL NUMBER
System control number (Sirsi) u129712
041 ## - LANGUAGE CODE
Language code of text/sound track or separate title eng
100 ## - MAIN ENTRY--PERSONAL NAME
Personal name Wordsworth, Paul
245 ## - TITLE STATEMENT
Title What effect does flooding have on residential property values?
Remainder of title a report for the RICS Foundation by Liverpool John Moores University and the University of Wolverhampton
260 ## - PUBLICATION, DISTRIBUTION, ETC.
Place of publication, distribution, etc. London
Name of publisher, distributor, etc. RICS Foundation
Date of publication, distribution, etc. 2004
520 ## - SUMMARY, ETC.
Summary, etc. Evaluates the evidence that increased flooding and flood risk, primarily caused by climate change and development on flood plains, is affecting the value and insureability of an estimated 950 000 to 1.7m UK residential properties. Assesses the evidence by examining the activities of residential negotiators and valuers dealing with flood risk properties and by interviewing leading insurers on their flood risk policies. Finds that recent flood events affect the value of a residential property, yet the degree of discount between valuers is inconsistent and the availability of adequate insurance cover is the key issue in determining the saleability and value of recently flooded property. Calls for more accurate and sophisticated publicly available information for the realistic assessment of flood risk to particular properties, and concludes that the improvement of flood defence measures is the single most important factor in maintaining the value of at-risk residential properties.
590 ## - LOCAL NOTE (RLIN)
Local note IKA190505
690 ## - LOCAL SUBJECT ADDED ENTRY--TOPICAL TERM (OCLC, RLIN)
Topical term or geographic name as entry element ENVIRONMENTAL AND LAND CONSULTANCY-WATER RESOURCE MANAGEMENT-FLOODING
700 ## - ADDED ENTRY--PERSONAL NAME
Personal name Proverbs, David G.
700 ## - ADDED ENTRY--PERSONAL NAME
Personal name Antwi, Adarkwah
856 ## - ELECTRONIC LOCATION AND ACCESS
Uniform Resource Identifier <a href="https://www.rics.org/RICSWEB/getpage.aspx?p=_dg1enm9BES2ydFaijqcCg">https://www.rics.org/RICSWEB/getpage.aspx?p=_dg1enm9BES2ydFaijqcCg</a>
Public note View the report free of charge at www.rics-foundation.org...
942 ## - ADDED ENTRY ELEMENTS (KOHA)
Suppress in OPAC 0
Holdings
Withdrawn status Lost status Source of classification or shelving scheme Damaged status Not for loan Home library Current library Shelving location Date acquired Total Checkouts Full call number Barcode Date last seen Copy number Price effective from Koha item type
    Dewey Decimal Classification     Virtual Virtual Online 13/05/2005   ONLINE PUBLICATION 129712-1001 06/08/2019 1 06/08/2019 Book